=LDR 00000nam 2200000 4500 =001 INLIS000000000809846 =008 ###################################ind## =035 ##$$a 0010-0825000339 =245 ##$$a Konsep Mutu / $c Widiyarti =260 ##$$b Pt Sindur Press =020 ##$$a 9789790700280 =084 ##$$a 370.7 RTI k =520 ##$$a Studi dan pengajaran pendidikan =082 ##$$a 370.7